00599nam a22002177a 450000500170000001000130001702000220003003500130005203700160006504000120008108200130009310000220010624500760012826000350020427000420023930000190028150000200030065000220032065000220034270000170036420170124110247.0 aA-596864 c00.00a0831738979 aA-596864 bCen Lib/Ret aDPLbEN a613bHOP aHopkins, Virginia aBreathe easier :bfit for life /cby Virginia Hopkins [and] Ann Peters  aNew YorkbGallery Books c1990 bNew Yorka112, Madison Avenue e10016 a96p.c19cm(Hb) aincludes index  aStress relaxation aSelf-care, Health aPeters, Ann